Normal view
MARC view
- الأدب العربي - سينما
Entry Topical Term
001 - CONTROL NUMBER
- control field: 19885
003 - CONTROL NUMBER IDENTIFIER
- control field: JO-AjAnu
005 - DATE AND TIME OF LATEST TRANSACTION
- control field: 20230606073452.0
008 - FIXED-LENGTH DATA ELEMENTS
- fixed length control field: 230606|| aca||aabn | a|a d
040 ## - CATALOGING SOURCE
- Original cataloging agency: JO-AjAnu
- Transcribing agency: JO-AjAnu
150 ## - HEADING--TOPICAL TERM
- Topical term or geographic name entry element: الأدب العربي - سينما
670 ## - SOURCE DATA FOUND
- Source citation: Work cat.: (JO-AjAnu)10208: تأليف حماد،عبد التواب, author 19884, السينما في أدب نجيب محفوظ